The International design yearbook 1994.
| Format: | Book |
|---|---|
| Published: |
London:
Laurence King,
1994.
|
| Subjects: |
| LEADER | 00367cam a2200133 7i4500 | ||
|---|---|---|---|
| 001 | 0000004534 | ||
| 005 | 20070921090000.0 | ||
| 020 | 0 | 0 | |a 1-85669-048-2 |
| 090 | 0 | 0 | |a DE 745.2 |b INT |
| 245 | 1 | 0 | |a The International design yearbook 1994. |
| 260 | 0 | 0 | |a London: |b Laurence King, |c 1994. |
| 300 | # | # | |a 239 p. |
| 650 | 0 | 0 | |a Designs |
| 999 | |a 0000006288 |b Book |c Open shelf |e Business Information Centre | ||


